Ideals and Realities of Islam (Record no. 565248)

000 -LEADER
fixed length control field 00320nam a2200121Ia 4500
008 - FIXED-LENGTH DATA ELEMENTS--GENERAL INFORMATION
fixed length control field 210430s9999 xx 000 0 und d
020 ## - INTERNATIONAL STANDARD BOOK NUMBER
International Standard Book Number 0-04-297026-1
082 ## - DEWEY DECIMAL CLASSIFICATION NUMBER
Classification number 297 N241I
100 ## - MAIN ENTRY--PERSONAL NAME
Personal name Seyyed Hossein Nasr
9 (RLIN) 38928
245 ## - TITLE STATEMENT
Title Ideals and Realities of Islam
Statement of responsibility, etc. Seyyed Hossein Nasr
300 ## - PHYSICAL DESCRIPTION
Extent 184
942 ## - ADDED ENTRY ELEMENTS (KOHA)
Koha item type Book
Source of classification or shelving scheme
Holdings
Withdrawn status Lost status Damaged status Not for loan Collection code Permanent Location Current Location Shelving location Date acquired Total Checkouts Full call number Barcode Date last seen Price effective from Koha item type
          School of Chemical & Materials Engineering (SCME) School of Chemical & Materials Engineering (SCME) General Stacks 07/15/4   297 N241I SCME-4537 04/30/2021 04/30/2021 Book
© 2023 Central Library, National University of Sciences and Technology. All Rights Reserved.